• 首页
  • 本馆介绍
  • 公告通知
  • 最新文献
  • 馆藏检索
  • 电子资源
  • 读者导购
  • 参考咨询
  • 我的图书馆
  • 登录
  • 详细信息显示
  • 放入我的书架
  • 预约/预借图书
  • 作者相关作品
  • 分类相关作品
  • 丛书相关作品
  • 出版社相关作品

书目信息

  • 表格格式
  • 工作单格式
  • 卡片格式
题名:
THE HARDY-LITTLEWOOD METHOD
    
 
作者: R.C.VAUGHAN
分册:  
出版信息: 北京   世界图书出版公司  1998
页数: 232页
开本: 20cm
丛书名:
单 册:
中图分类: O122.3
科图分类:
主题词: 初等数学
电子资源:
ISBN: 7-5062-3922-1
000 00494nam0 2200193 450
001 0732828906
005 20070903090708.90
010    @a7-5062-3922-1@d¥35.00
100    @a20070903d km y0chiy0120 ea
101 0  @achi
200 1  @aTHE HARDY-LITTLEWOOD METHOD@fR.C.VAUGHAN
205    @a2版
210    @a北京@c世界图书出版公司@d1998
215    @a232页@d20cm
606 0  @a初等数学
690    @aO122.3@v3
701  0 @aR.C.VAUGHAN
801  0 @aCN@bPFT@c20070903
905    @a213230@dO122.3@eS158@f1
    
    THE HARDY-LITTLEWOOD METHOD/R.C.VAUGHAN.-2版.-北京:世界图书出版公司,1998
    232页;20cm
    
    
    ISBN 7-5062-3922-1:¥35.00
    
●
相关链接 在E读中查询图书 在五车中查询图书 在当当中查询图书 在豆瓣中查询图书


正题名:THE HARDY-LITTLEWOOD METHOD     索取号:O122.3/S158         预约/预借

序号 登录号 条形码 馆藏地/架位号 状态 备注
1 6700523   267005233   数信系资料室/ [索取号:O122.3/S158] 在馆    
2 6700524   267005242   数信系资料室/ [索取号:O122.3/S158] 在馆    
唐山师范学院图书馆 欢迎您!
大连网信软件有限公司© 版权所有